Multiwavelength Approach to Unidentified Gamma-Ray Sources : A Second Workshop on the Nature of the High-Energy Unidentified Sources /

Tallennettuna:
Bibliografiset tiedot
Päätekijä: K.S. Cheng, G.E. Romero (edición)
Aineistotyyppi: Kirja
Kieli:englanti
Julkaistu: Dordrecht, Holanda : Springer, 2005, c2005
Linkit:Ver documento en línea
Tagit: Lisää tagi
Ei tageja, Lisää ensimmäinen tagi!

MARC

LEADER 00000nam^a22000000a04500
001 000599910
009 20260411195207.16
020 |a 978-1-4020-3881-5 
037 |a Acervo ITESO - Biblioteca 
041 |a ING 
082 |a Libro en línea 
100 |a K.S. Cheng, G.E. Romero  |e (edición) 
245 |a Multiwavelength Approach to Unidentified Gamma-Ray Sources :  |b A Second Workshop on the Nature of the High-Energy Unidentified Sources / 
264 4 |a Dordrecht, Holanda :  |b Springer,  |c 2005, c2005 
264 2 |a Cham, Suiza :  |b Springer Link [distribución],  |c 2025 
300 |a 1 libro electrónico en línea (XVI, 439 p.) 
300 |a 1 recurso en línea 
336 |a datos para computadora  |b cod  |2 rdacontenido 
337 |a computadora  |b c  |2 rdamedio 
338 |a recurso en línea  |b cr  |2 rdasoporte 
506 0 |a Licencias ilimitadas 
567 |a Catalogación rápida 
649 |a XX 
856 4 0 |u https://link-springer-com.ezproxy.iteso.mx/10.1007/1-4020-3881-X  |y Ver documento en línea 
910 |a Fondo General 
920 |a Electrónicos - Libros en Línea 
930 |a Plataforma Digital 
905 |a 205 
902 |a https://opac.biblio.iteso.mx/vufind/Record/000599910